logo

Bir Sreshtho Munshi Abdur Rouf Library
Jhenaidah Cadet College

Xenophon's Cyrus the Great : (Record no. 13687)

MARC details
000 -LEADER
fixed length control field 00721nam a2200217 a 4500
001 - CONTROL NUMBER
JCCL Control Number 13687
003 - CONTROL NUMBER IDENTIFIER
JCCL marc code BD-JhCC
005 - DATE AND TIME OF LATEST TRANSACTION
control field 20240313212719.0
008 - FIXED-LENGTH DATA ELEMENTS--GENERAL INFORMATION
fixed length control field 240313b2006 nyu |||| ||a| 001 0 eng d
020 ## - INTERNATIONAL STANDARD BOOK NUMBER
International Standard Book Number 9780312355319
035 ## - SYSTEM CONTROL NUMBER
system control number (BD-JhCC)13687
040 ## - CATALOGING SOURCE
Original cataloging agency BD-JhCC
Modifying agency BD-JhCC
041 ## - LANGUAGE CODE
Language code of Book english
082 ## - DEWEY DECIMAL CLASSIFICATION NUMBER
Classification number 813.54
Author mark and Year HED 2006
100 ## - MAIN ENTRY--PERSONAL NAME
Personal name Hedrick,Larry
245 ## - TITLE STATEMENT
Title Xenophon's Cyrus the Great :
Remainder of title The arts of leadership and war /
Statement of responsibility, etc Larry Hedrick
260 ## - PUBLICATION, DISTRIBUTION, ETC. (IMPRINT)
Place of publication, distribution, etc London:
Name of publisher, distributor, etc Truman Talley Books/Saint Martin's Press;
Date of publication, distribution, etc 2006.
300 ## - PHYSICAL DESCRIPTION
Pagination 179 p, :
Other physical details ill;
Dimensions 22 cm
650 ## - SUBJECT ADDED ENTRY--TOPICAL TERM
Topical term or geographic name as entry element Cyrus, King of Persia Fiction
General subdivision Cyrus, the Great, King of Persia, -530 B.C. or 529
Geographic subdivision Iran Kings and rulers Fiction
942 ## - ADDED ENTRY ELEMENTS (KOHA)
Source of classification or shelving scheme Dewey Decimal Classification
Koha item type Books
Holdings
Source of classification or shelving scheme Damaged status Not for loan Home library Current library Shelving location Date of accession Cost, normal purchase price Total Checkouts Full call number Barcode Date last seen Date checked out Copy number Method of acquisition Koha item type Currency
Dewey Decimal Classification     JCC Rouf Library JCC Rouf Library General Stacks   310.00 2 813.54 HED 2006 19138 12/23/2025 10/22/2025 C-1 Purchase Books BDT

JCC Library | Contacts | JCC Home

Last Update on 23 September 2017
Copyright @ 2017-2020 JCC Rouf Library
Rouf Library, Jhenidah Cadet College (JCC), Bangladesh